00283nam a2200073Ia 4500008004100000082000800041100001300049245014700062240331s9999 xx 000 0 und d bLAW aUNDP. ed 0aLaw, Ethics and HIV/AIDSin South Asia :bA study of the legal and social environment of the epidemic in Bangladesh, India, Nepal and Sri Lanka